Réponses à la violence / Annexe 1 Trois études générales
| Medienart: | Druck Buch |
|---|---|
| Sprache: | Französisch |
| Veröffentlicht: |
Paris
Documentation française
1977
|
| In: |
Réponses à la violence rapport du Comité d'Etudes sur la Violence, la Criminalité et la Délinquance
Jahr: 1977 |
| Bestand in Tübingen: | In Tübingen vorhanden. UB: KB 8 A 284-Annexe 1 |
| Verfügbarkeit prüfen: | HBZ Gateway |
| Subito Bestelldienst: | Jetzt bestellen. |
MARC
| LEADER | 00000cam a22000002cc4500 | ||
|---|---|---|---|
| 001 | 1099518695 | ||
| 003 | DE-627 | ||
| 005 | 20220515095207.0 | ||
| 007 | tu | ||
| 008 | 920817s1977 xx ||||| 00| ||fre c | ||
| 035 | |a (DE-627)1099518695 | ||
| 035 | |a (DE-576)029518695 | ||
| 035 | |a (DE-599)BSZ029518695 | ||
| 035 | |a (OCoLC)311523744 | ||
| 040 | |a DE-627 |b ger |c DE-627 |e rakwb | ||
| 041 | |a fre | ||
| 245 | 0 | 0 | |a Réponses à la violence |n Annexe 1 |p Trois études générales |c prés. par Alain Peyrefitte |
| 264 | 1 | |a Paris |b Documentation française |c 1977 | |
| 336 | |a Text |b txt |2 rdacontent | ||
| 337 | |a ohne Hilfsmittel zu benutzen |b n |2 rdamedia | ||
| 338 | |a Band |b nc |2 rdacarrier | ||
| 500 | |a Enth. (u.a.): Violence : etude effectuée... / sous la dir. de J.M. Lech et. J. Labrousse. Television et violence : incidence sur le public d'une émission "violente" à la télévision / etude effectuée par l'I.F.O.P | ||
| 583 | 1 | |a Archivierung prüfen |c 20200919 |f DE-640 |z 1 |2 pdager | |
| 773 | 1 | 8 | |a Réponses à la violence rapport du Comité d'Etudes sur la Violence, la Criminalité et la Délinquance |w (DE-627)1099518563 |w (DE-576)029518563 |g Annexe 1 |q Annexe 1 |7 nnam |
| 951 | |a MV | ||
| ELC | |b 1 | ||
| LOK | |0 000 xxxxxcx a22 zn 4500 | ||
| LOK | |0 001 219036860X | ||
| LOK | |0 003 DE-627 | ||
| LOK | |0 004 1099518695 | ||
| LOK | |0 005 20020606000000 | ||
| LOK | |0 008 920817||||||||||||||||ger||||||| | ||
| LOK | |0 040 |a DE-21 |c DE-627 |d DE-21 | ||
| LOK | |0 852 |a DE-21 | ||
| LOK | |0 852 1 |c KB 8 A 284-Annexe 1 |9 00 | ||
| LOK | |0 935 |a krim | ||
| LOK | |0 936ln |a k10.10.6 | ||
| LOK | |0 939 |a 17-08-92 |b l01 | ||
| ORI | |a SA-MARC-krimdoka001.raw | ||
| SIG | |a UB: KB 8 A 284-Annexe 1 | ||
